Qué sabemos de las altas capacidades?: preguntas, respuestas y propuestas para la escuela y la familia
Guardat en:
| Autor principal: | |
|---|---|
| Format: | Llibre |
| Idioma: | espanyol |
| Publicat: |
Barcelona
Grao
2015
|
| Edició: | 1a. ed |
| Col·lecció: | Serie Atención a la Diversidad, 309
|
| Matèries: | |
| Etiquetes: |
Afegir etiqueta
Sense etiquetes, Sigues el primer a etiquetar aquest registre!
|
MARC
| LEADER | 00000cam a2200000 a 4500 | ||
|---|---|---|---|
| 001 | UCD3383 | ||
| 003 | CL-VaPUC | ||
| 008 | 160603e20150300sp |||||||||||||||||spa|d | ||
| 020 | |a 9788499805726 | ||
| 082 | 0 | 4 | |a 371.95 |b GUI |2 21 |
| 100 | |a Guirado Serrat, Àngel |e author |9 586828 | ||
| 245 | 1 | 0 | |a Qué sabemos de las altas capacidades?: preguntas, respuestas y propuestas para la escuela y la familia |
| 250 | |a 1a. ed | ||
| 300 | |a 132 p | ||
| 942 | |c BK | ||
| 945 | |d 20160603 11:43:00 |a arojas | ||
| 260 | |a Barcelona |b Grao |c 2015 | ||
| 650 | 0 | |a Inteligencias múltiples |9 469698 | |
| 650 | 7 | |a SUPERDOTADOS |2 CL-VaPUC |9 357545 | |
| 650 | 0 | |a Alumnos superdotados |9 414508 | |
| 650 | 0 | |a Educación especial |9 307486 | |
| 650 | 0 | |a Diversidad |9 375247 | |
| 583 | |a last modification |c 20160603 11:43:00 |k Rodrigo Vera | ||
| 490 | 0 | |a Serie Atención a la Diversidad, 309 | |
| 999 | |c 364419 |d 364417 | ||
| 952 | |0 0 |1 0 |3 erb |4 0 |6 371_950000000000000_GUI_2015 |7 0 |8 A |9 477592 |a BIBEDU |b BIBEDU |i 5288835 |o 371.95 GUI 2015 |p 5288835 |r 2019-11-24 |w 2019-11-24 |y BK |z Catalogado en:20160603 |k EDI | ||